Sports Quiz

Random Sports or Baseball Quiz

MLB Last 5 RBI Leaders by Team Quiz Stats

 Plays Quiz Updated Dec 11, 2018

Challenge
Share
Tweet
Embed
Score 0/150 Timer 10:00
1 Play Today
Team Player % Correct
Washington NationalsBryce Harper (99)
89.3%
Miami MarlinsGiancarlo Stanton (132)
89.1%
Philadelphia PhilliesRyan Howard (95)
87.9%
Los Angeles AngelsAlbert Pujols (95)
87.7%
Boston Red SoxJ.D. Martinez (130)
87.5%
Detroit TigersMiguel Cabrera (109)
87.3%
Miami MarlinsGiancarlo Stanton (105)
87.3%
Boston Red SoxDavid Ortiz (104)
87%
Boston Red SoxDavid Ortiz (108)
86.6%
Philadelphia PhilliesRyan Howard (77)
86.6%
Los Angeles DodgersAdrian Gonzalez (116)
85.5%
Los Angeles DodgersAdrian Gonzalez (90)
85.2%
Detroit TigersNick Castellanos (89)
85.1%
Los Angeles DodgersAdrian Gonzalez and Justin Turner (90)
84.9%
New York YankeesAaron Judge (114)
84.9%
Milwaukee BrewersRyan Braun (81)
84.9%
Baltimore OriolesChris Davis (117)
84.5%
Baltimore OriolesManny Machado (65)
84.2%
Toronto Blue JaysJose Bautista (103)
84%
Los Angeles AngelsAlbert Pujols (101)
83.1%
Chicago CubsAnthony Rizzo (109)
83%
Pittsburgh PiratesAndrew McCutchen (96)
82.3%
Cincinnati RedsJoey Votto (100)
82.1%
Miami MarlinsJ.T. Realmuto (74)
81.8%
Oakland AthleticsKhris Davis (110)
81.5%
Tampa Bay RaysEvan Longoria (73)
81.1%
Tampa Bay RaysEvan Longoria (91)
81%
Arizona DiamondbacksPaul Goldschmidt (110)
81%
Chicago CubsAnthony Rizzo (101)
80.7%
Arizona DiamondbacksPaul Goldschmidt (120)
80%
San Francisco GiantsBuster Posey (89)
79.9%
Los Angeles AngelsMike Trout (111)
79.5%
San Francisco GiantsBuster Posey (95)
79.5%
Pittsburgh PiratesAndrew McCutchen (83)
79.2%
Tampa Bay RaysC.J. Cron (74)
78.9%
Houston AstrosMarwin Gonzalez (90)
78.7%
Tampa Bay RaysEvan Longoria (86)
78%
New York YankeesGiancarlo Stanton (100)
77.1%
Atlanta BravesFreddie Freeman (66)
76.5%
Chicago CubsAnthony Rizzo (78)
76.3%
Toronto Blue JaysJosh Donaldson (123)
76%
Arizona DiamondbacksDavid Peralta (87)
74.9%
Colorado RockiesNolan Arenado (130)
74.4%
Boston Red SoxMookie Betts (102)
74%
Atlanta BravesFreddie Freeman (98)
73.8%
Oakland AthleticsJosh Donaldson (98)
73.6%
Washington NationalsRyan Zimmerman (108)
72.2%
Cleveland IndiansEdwin Encarnación (107)
70.7%
Toronto Blue JaysJustin Smoak (77)
70.5%
Chicago CubsJavier Báez (111)
70.3%
Team Player % Correct
Texas RangersPrince Fielder (98)
70.2%
Texas RangersAdrian Beltre (77)
69.9%
Oakland AthleticsKhris Davis (123)
69.7%
Detroit TigersJ.D. Martinez (102)
69.5%
Texas RangersJoey Gallo (92)
69.4%
Seattle MarinersNelson Cruz (93)
68.2%
Baltimore OriolesNelson Cruz (108)
68.1%
Chicago White SoxJosé Abreu (102)
68.1%
Colorado RockiesNolan Arenado (130)
67.9%
Seattle MarinersNelson Cruz (119)
67.5%
Kansas City RoyalsEric Hosmer (94)Eric Hosmer
67.1%
Chicago White SoxJosé Abreu (101)
66.6%
Chicago White SoxJosé Abreu (107)
66.4%
St. Louis CardinalsMatt Holliday (90)
66.2%
San Diego PadresMatt Kemp (100)
66%
Washington NationalsBryce Harper (100)
63.9%
Cincinnati RedsEugenio Suárez (104)
63.3%
Los Angeles DodgersMatt Kemp (85)
61.4%
Colorado RockiesJustin Morneau (82)
61%
Atlanta BravesJustin Upton (102)
61%
St. Louis CardinalsMatt Carpenter (84)
59.8%
Pittsburgh PiratesJosh Bell (90)
59.6%
New York MetsLucas Duda and Daniel Murphy (73)
58.4%
New York MetsJay Bruce (75)
58%
Kansas City RoyalsAlex Gordon (74)
56.9%
Minnesota TwinsBrian Dozier (93)
55.1%
San Francisco GiantsAndrew McCutchen (55)
54.4%
Los Angeles DodgersCody Bellinger (97)
53.2%
Chicago White SoxJosé Abreu (78)
52.3%
New York YankeesBrian McCann (75)
49.6%
New York MetsLucas Duda (92)
49.6%
New York YankeesBrian McCann (94)
48%
Cleveland IndiansCarlos Santana (85)
48%
Cincinnati RedsTodd Frazier (89)
47.6%
Houston AstrosChris Carter (88)
46.8%
San Diego PadresWil Myers (74)
46.3%
Cincinnati RedsTodd Frazier (80)
46.2%
Kansas City RoyalsSalvador Pérez(80)
46.1%
Houston AstrosAlex Bregman (103)
45.8%
Los Angeles AngelsJustin Upton (85)
45.8%
San Francisco GiantsBrandon Crawford (77)
45.8%
St. Louis CardinalsYadier Molina (82)
45%
New York MetsMichael Conforto (82)
45%
Cleveland IndiansEdwin Encarnación (107)
43.2%
Pittsburgh PiratesGregory Polanco (81)
39.8%
Seattle MarinersKyle Seager (96)
39.8%
Minnesota TwinsEddie Rosario (77)
37.6%
Cleveland IndiansMichael Brantley (97)
36.9%
Philadelphia PhilliesMaikel Franco (76)
36.5%
Seattle MarinersNelson Cruz (97)
36.2%
Team Player % Correct
Kansas City RoyalsKendrys Morales (106)
36%
Atlanta BravesNick Markakis(76)
35%
Washington NationalsAdam LaRoche (92)
35%
Toronto Blue JaysJustin Smoak (90)
33.2%
Milwaukee BrewersAdam Lind (87)
32.4%
Baltimore OriolesJonathan Schoop (105)
31.6%
Boston Red SoxDavid Ortiz (127)
31.3%
Detroit TigersMiguel Cabrera (108)
31.3%
Colorado RockiesNolan Arenado (110)
30.9%
Chicago CubsAnthony Rizzo (109)
29.9%
Tampa Bay RaysEvan Longoria (98)
29.5%
Toronto Blue JaysEdwin Encarnación (127)
29.2%
Milwaukee BrewersChristian Yelich (110)
28.3%
Philadelphia PhilliesMaikel Franco (88)
27.7%
Milwaukee BrewersChris Carter (94)
27.2%
Philadelphia PhilliesRhys Hoskins (96)
27.2%
Oakland AthleticsJosh Reddick (77)
26.3%
Cleveland IndiansMike Napoli (101)
26.3%
Arizona DiamondbacksPaul Goldschmidt (95)
26%
Detroit TigersNicholas Castellanos (101)
25.8%
St. Louis CardinalsStephen Piscotty (85)
25.7%
Houston AstrosJose Altuve and Carlos Correa (96)
25.2%
Colorado RockiesNolan Arenado (133)
25.1%
Houston AstrosEvan Gattis (88)
25%
St. Louis CardinalsMarcell Ozuna (88)
24.9%
Cincinnati RedsAdam Duvall (103)
24.7%
Chicago White SoxJosé Abreu (100)
24.5%
New York MetsYoenis Cespedes (86)
24.4%
Milwaukee BrewersTravis Shaw (101)
23.1%
Texas RangersAdrian Beltre (104)
22.4%
Atlanta BravesFreddie Freeman (91)
21.6%
Miami MarlinsChristian Yelich (87)
21.3%
New York YankeesDidi Gregorius and Starlin Castro (70)
20.8%
Kansas City RoyalsEric Hosmer (104)
20.7%
San Francisco GiantsBrandon Crawford (84)
19.9%
Miami MarlinsJustin Bour (73)
19.6%
Pittsburgh PiratesGregory Polanco (86)
19.5%
Minnesota TwinsTrevor Plouffe (80)
18.4%
Minnesota TwinsTrevor Plouffe (86)
18.2%
San Diego PadresEric Hosmer (69)
18%
Baltimore OriolesMark Trumbo (108)
17.6%
Texas RangersNomar Mazara (101)
16.2%
Los Angeles AngelsAlbert Pujols (119)
15.9%
Oakland AthleticsKhris Davis (102)
15.4%
San Diego PadresJedd Gyorko (51)
15.2%
Arizona DiamondbacksMiguel Montero (72)
12%
Washington NationalsDaniel Murphy (104)
11.3%
Seattle MarinersNelson Cruz (105)
8.2%
Minnesota TwinsBrian Dozier (99)
6.9%
San Diego PadresWil Myers (94)
6.8%

You're not logged in!

Compare scores with friends on all Sporcle quizzes.
OR
Log In

You Might Also Like...

Show Comments

Extras

Top Quizzes Today


Score Distribution

Your Account Isn't Verified!

In order to create a playlist on Sporcle, you need to verify the email address you used during registration. Go to your Sporcle Settings to finish the process.

Report this User

Report this user for behavior that violates our Community Guidelines.

Details: